| 000 | 00583nam a22002177a 4500 | ||
|---|---|---|---|
| 999 |
_c8246 _d8246 |
||
| 003 | AR-CdUCM | ||
| 008 | 190322b ||||| |||| 00| 0 spa d | ||
| 040 |
_aMUNICIPALIDAD PROVINCIAL DEL CUSCO _cBIBLIOTECA MUNICIPAL DEL CUSCO |
||
| 082 |
_a869.56 / _bL26 |
||
| 100 |
_aLarrea Blanes, Federico _923208 |
||
| 245 | _aAnfora de las Ausencias / | ||
| 260 | _aAyacucho : | ||
| 300 |
_a62 paginas ; _c21 cm. |
||
| 500 | _aPoemas | ||
| 650 |
_aPoesia _91598 |
||
| 650 |
_aLiteratura _983 |
||
| 650 |
_aSiglo XX _98 |
||
| 650 |
_aHistoria _9136 |
||
| 942 |
_2ddc _cLIBROS |
||
| 945 | _apjha | ||